| 000 | 00666nam a2200169Ia 4500 | ||
|---|---|---|---|
| 005 | 20250702093300.0 | ||
| 008 | 250702s9999 xx 000 0 und d | ||
| 020 | _a9780747596769 | ||
| 082 |
_a915.6044 _bLAN |
||
| 100 | _aDe Bellaigue, Christopher | ||
| 245 | 0 | _aRebel Land | |
| 260 |
_bBloomsbury Paperbacks _c2010 |
||
| 300 | _a270 pages | ||
| 500 | _aThis book is a compellingly personal account of one man's search into the past, as de Bellaigue applies his investigative flair and fluent Turkish to unlock jealously-guarded taboos and hold humanity's excesses up to the light of a very modern sensibility. | ||
| 650 | _aVarto (Turkey) | ||
| 942 | _cENGLISH | ||
| 999 |
_c574556 _d574556 |
||